000 00487nam a2200181Ia 4500
001 5209
005 20260306145851.0
008 260306t2010||||xx |||||||||||||| ||spa||
041 _aESP
082 _a338.13
_bY21
100 _aYancari Cueva, Johanna (Ed.)
_eAUT
245 0 _aPerú:
_bEl problema agrario en debate , Sepia XIII, mesa especial: finanzas rurales
260 _c2010
300 _a150 páginas :
_c24 cm.
650 _aGEN
654 _aCAN
942 _cLIB
_dJUS
_fJUS
_2ddc
_n
999 _c5209
_d5209